• 首页
  • 本馆介绍
  • 公告通知
  • 最新文献
  • 馆藏检索
  • 电子资源
  • 读者导购
  • 参考咨询
  • 我的图书馆
  • 登录
  • 详细信息显示
  • 放入我的书架
  • 预约/预借图书
  • 作者相关作品
  • 分类相关作品
  • 丛书相关作品
  • 出版社相关作品

书目信息

  • 表格格式
  • 工作单格式
  • 卡片格式
题名:
鬼谷子的诡计
    
 
作者: 章岩 著
分册:  
出版信息: 昆明   云南人民出版社  2012
页数: 220页
开本: 24cm
丛书名:
单 册:
中图分类: C912.11 , B228.04
科图分类:
主题词:
电子资源:
ISBN: 978-7-222-09151-1
000 00847nam0 2200253 450
001 338256
005 20150601162603.14
010    @a978-7-222-09151-1@dCNY29.80
100    @a20120803d2012 em y0chiy50 ea
101 0  @achi
102    @aCN@b530000
105    @ay z 000yy
106    @ar
200 1  @a鬼谷子的诡计@Agui gu zi de gui ji@e我不是教你玩阴的@f张兵著
210    @a昆明@c云南人民出版社@d2012
215    @a220页@d24cm
330    @a本书从不同的方面, 运用案例和分析, 阐述了鬼谷子在做人做事方面的思想, 尤其是那些让人意想不到的辩诡之策、揣摩心理之术和长赢之道。
517 1  @a我不是教你玩阴的@Awo bu shi jiao ni wan yin de
605    @a《鬼谷子》@x应用@x心理交往@j通俗读物
690    @aC912.11@v5
690    @aB228.04@v5
701  0 @a章岩@Azhang yan@c(心理学)@4著
801  0 @aCN@b卓展宏图@c20150525
905    @dC912.11@e888@f4
    
    鬼谷子的诡计:我不是教你玩阴的/张兵著.-昆明:云南人民出版社,2012
    220页;24cm
    
    
    ISBN 978-7-222-09151-1:CNY29.80
    本书从不同的方面, 运用案例和分析, 阐述了鬼谷子在做人做事方面的思想, 尤其是那些让人意想不到的辩诡之策、揣摩心理之术和长赢之道。
●
相关链接 在E读中查询图书 在五车中查询图书 在当当中查询图书 在豆瓣中查询图书


正题名:鬼谷子的诡计     索取号:C912.11/888         预约/预借

序号 登录号 条形码 馆藏地/架位号 状态 备注
1 861455   208614551   第一样本阅览室/ [索取号:C912.11/888] 在馆    
2 861456   208614560   第一借阅区/ [索取号:C912.11/888] 在馆    
3 861457   208614579   第一借阅区/ [索取号:C912.11/888] 在馆    
4 861458   208614588   第一借阅区/ [索取号:C912.11/888] 在馆    
唐山师范学院图书馆 欢迎您!
大连网信软件有限公司© 版权所有